00330 a2200109 4500020001800000082001600018100002400034245007900058260002600137300003200163650002500195 a9788131212608 a624.171 SIM aSimitses, George J. aFundamentals of Structural Stability/cGeorge J. Simitses, Dewey H. Hodges aUK :bElsevier,c2006 axii, 389p. :bill. ;c25 cm aStructural Stability